आम बीमारियां: कारण एवं बचाव/ (Record no. 207291)
[ view plain ]
| 000 -LEADER | |
|---|---|
| fixed length control field | 00788nam a22001937a 4500 |
| 005 - DATE AND TIME OF LATEST TRANSACTION | |
| control field | 20241202125905.0 |
| 010 ## - LCCN (DPL NO) | |
| LC control number | HIN-128879 |
| 020 ## - INTERNATIONAL STANDARD BOOK NUMBER | |
| International Standard Book Number | 9789381851647 |
| Terms of availability | 495.00 |
| 035 ## - SYSTEM CONTROL NUMBER | |
| System control number | HN-101225 |
| 037 ## - SOURCE OF ACQUISITION | |
| Source of stock number/acquisition | DBAD |
| 082 ## - DEWEY DECIMAL CLASSIFICATION NUMBER | |
| Classification number | 571.98 |
| 100 ## - MAIN ENTRY--PERSONAL NAME | |
| Personal name | सेंगर, देवेन्द्र |
| 245 ## - TITLE STATEMENT | |
| Title | आम बीमारियां: कारण एवं बचाव/ |
| Statement of responsibility, etc | देवेन्द्र सेंगर |
| 250 ## - EDITION STATEMENT | |
| Edition statement | प्रथम |
| 260 ## - PUBLICATION, DISTRIBUTION, ETC. (IMPRINT) | |
| Place of publication, distribution, etc | दिल्ली |
| Name of publisher, distributor, etc | लक्ष्य साहित्य |
| Date of publication, distribution, etc | 2021 |
| 270 ## - ADDRESS | |
| Address | एन-66, गली नं.-4, नवीन शाहदरा |
| City | दिल्ली |
| Postal code | 110032 |
| 300 ## - PHYSICAL DESCRIPTION | |
| Extent | 199 पृ. |
| Dimensions | 23 सेमी (सजिल्द) |
| 942 ## - ADDED ENTRY ELEMENTS (KOHA) | |
| Source of classification or shelving scheme | Dewey Decimal Classification |
| Item type | Hindi Books |
| Classification part | 571.98 |
| Call number suffix | सेंगर |
| Withdrawn status | Lost status | Not for loan | Collection code | Home library | Current library | Date acquired | Source of acquisition | Cost, normal purchase price | Full call number | Barcode | Copy number | Cost, replacement price | Koha item type |
|---|---|---|---|---|---|---|---|---|---|---|---|---|---|
| Non-fiction | Sarojini Nagar | Sarojini Nagar | 02/12/2024 | DBAD | 495.00 | 571.98 सेंगर | HN-101225 | 1 | 495.00 | Hindi Books |
